000 00499nam a2200193Ia 4500
005 20250923145122.0
008 008 250917s9999 xx 000 0 eng d
037 _aTextual
040 _aDSWL
_beng
_cDSWL
041 _aeng
_2eng
084 _qDSWL
245 4 _aThe Indeterminate sentence
_cby United Nations
260 _aNew York
_b Dept. of Social Affairs
_c1954
300 _a116 p.
365 _aUSD
_b0.75
925 _g0.75
942 _cTEXL
999 _c1447360
_d1447360